logo

Bir Sreshtho Munshi Abdur Rouf Library
Jhenaidah Cadet College

My Big encyclopedia of Dinosaurs / (Record no. 11765)

MARC details
000 -LEADER
fixed length control field 00563nam a2200217 a 4500
001 - CONTROL NUMBER
JCCL Control Number 11765
003 - CONTROL NUMBER IDENTIFIER
JCCL marc code BD-JhCC
005 - DATE AND TIME OF LATEST TRANSACTION
control field 20220907134024.0
008 - FIXED-LENGTH DATA ELEMENTS--GENERAL INFORMATION
fixed length control field 200903b a|||| ||a| 001 0 eng d
020 ## - INTERNATIONAL STANDARD BOOK NUMBER
International Standard Book Number 9789382604587
035 ## - SYSTEM CONTROL NUMBER
system control number (BD-JhCC)11765
040 ## - CATALOGING SOURCE
Original cataloging agency BD-JhCC
Modifying agency BD-JhCC
041 ## - LANGUAGE CODE
Language code of Book eng
082 ## - DEWEY DECIMAL CLASSIFICATION NUMBER
Classification number 567
Author mark and Year DIN
245 ## - TITLE STATEMENT
Title My Big encyclopedia of Dinosaurs /
260 ## - PUBLICATION, DISTRIBUTION, ETC. (IMPRINT)
Name of publisher, distributor, etc Future Publishers;
300 ## - PHYSICAL DESCRIPTION
Pagination 160 p.:
Other physical details ill:
Dimensions 30 cm.
650 ## - SUBJECT ADDED ENTRY--TOPICAL TERM
Topical term or geographic name as entry element Big books. Dinosaurs .
Form subdivision Juvenile literature
General subdivision Dinosaurs.
942 ## - ADDED ENTRY ELEMENTS (KOHA)
Source of classification or shelving scheme Dewey Decimal Classification
Koha item type Books
Koha issues (borrowed), all copies 1
Holdings
Source of classification or shelving scheme Damaged status Not for loan Home library Current library Shelving location Date of accession Cost, normal purchase price Total Checkouts Full call number Barcode Date last seen Date checked out Copy number Koha item type
Dewey Decimal Classification     JCC Rouf Library JCC Rouf Library General Stacks 09/03/2020 891.00 1 567 DIN 16006 10/16/2023 09/06/2022 C-1 Books

JCC Library | Contacts | JCC Home

Last Update on 23 September 2017
Copyright @ 2017-2020 JCC Rouf Library
Rouf Library, Jhenidah Cadet College (JCC), Bangladesh